Miasta na prawach powiatu na literę K - Statystyki

Ogólne statystyki
  • Ten quiz został rozwiązany 25 razy
  • Średni wynik to 6 z 7
Statystyki odpowiedzi
Miasto % Poprawnych
Kraków
100%
Katowice
91%
Koszalin
91%
Kielce
86%
Kalisz
82%
Krosno
82%
Konin
77%
Nie znaleziono quizów pasujących do podanych kryteriów
Rozkład punktacji
Procent ludzi z każdym wynikiem
Percentyl według liczby udzielonych odpowiedzi
Twoja historia wyników
Nie rozwiązałeś tego quizu